Wer ist das? - Bilderquiz 2 - Statistiken

Allgemein
  • Dieses Quiz wurde 119 mal gespielt
  • Das Durchschnittsergebnis liegt bei 17 aus 50
Antwortstatistiken
Bildquiz Antwort % Korrekt
Elton
85%
Ed Sheeran
81%
Dumbo
80%
Joko Winterscheidt
78%
Marge Simpson
75%
Amy Winehouse
70%
Jennifer Lopez
65%
Max Giesinger
64%
Willy Brandt
63%
George W. Bush
61%
Andrea Berg
60%
Laura Dahlmeier
58%
Rowan Atkinson
58%
Zac Efron
55%
Michael Phelps
50%
Matt Damon
47%
Omar Marmoush
47%
Olli Schulz
42%
Jenna Ortega
40%
Michail Gorbatschow
36%
Ann-Katrin Berger
34%
Barbara Becker
34%
Herr Anwalt
33%
John Legend
32%
Sacha Boey
31%
Bernd Stelter
28%
Sydney Sweeney
28%
Yoko Ono
27%
Bruce Springsteen
26%
Tobias Krell
24%
Michael Bublé
23%
Madison Beer
22%
Courteney Cox
20%
John Henderson
19%
Helge Mark
13%
Sabrina Mockenhaupt
13%
Malika Dzumaev
11%
Michael Michalsky
10%
Susi Kentikian
9%
Aminata Belli
6%
Jane Austen
6%
Claus-Erich Boetzkes
3%
Ella Purnell
3%
Karl-Erivan Haub
3%
Klaus Peter Willsch
3%
Lana Turner
3%
Viola Davis
3%
Biyon Kattilathu
1%
Georg Cantor
1%
Stella Stevens
1%
Keine übereinstimmenden Quizze gefunden
Verteilung der Resultate
Anzahl Personen mit jedem Resultat
Perzentil nach korrekt beantworteten Fragen
Ihre Resultats-Entwicklung
Sie haben dieses Quiz noch nicht gespielt